000 01360nam0a22003011 4500
001 rc\3489246
005 20250610023611.0
021 _aRU
_b[71-19259]
035 _a(NLR Aleph) 007648247
090 _a6200043
_c6200043
100 _a20130115d1970 |||y0rusy50 ca
101 0 _arus
102 _aRU
105 _aa z |||||
200 1 _aНаучная организация труда
_f[Науч. ред. доц. М.А. Мельнов]
210 _aСвердловск
_cБ. и.
_d1970
215 _a353 с.
_cчерт.
_d23
225 1 _aМинистерство высшего и среднего специального образования РСФСР. Свердловский институт народного хозяйства. [Сборник научных трудов]
_iСерия экономическая
_vВып. 6
300 _aНа 3-й с. авт.: канд. наук М.А. Мельнов, Л.И. Неверовская, канд. экон. наук Р.В. Бушуев и др.
606 _aОрганизация труда в СССР
_2psbo
701 1 _aНеверовская
_bЛ.И.
701 1 _aБушуев
_bР.В.
701 1 _aМельнов
_bМ.А.
_gМихаил Артемьевич
_4340
801 0 _aRU
_bNLR
_gpsbo
801 1 _aRU
_bELAR
_2rusmarc
852 _aNLR
_jП22/2899
942 _cBOOK
980 _aNB